Bunk'd Characters - Statistics

General Stats
  • This quiz has been taken 790 times
  • The average score is 6 of 9
Answer Stats
Hint Answer % Correct
Emma Best Friend Lou
91%
Annoying Counselor Hazel
78%
Cute Counselor Xander
78%
Book Addiction Tiffany
69%
Stinky Kid Jorge
66%
Fashion Diva Emma Ross
51%
Nerd Ravi Ross
50%
Head Coubselor Gladys
48%
Bossy Kid Zuri Ross
46%
No matching quizzes found
Score Distribution
Percent of People with Each Score
Percentile by Number Answered
Your Score History
You have not taken this quiz